| 000 | 00360nam a2200145 a 4500 | ||
|---|---|---|---|
| 001 | 408 | ||
| 003 | CDMR | ||
| 005 | 20130116135154.0 | ||
| 008 | 130130s2000||||||||||||||||||||||||||||d | ||
| 040 |
_aCDMR _bcat _cCDMR |
||
| 100 | 1 |
_aObiols, Salvador _9285 |
|
| 245 | 1 | 0 |
_aCatalunya en blanc i negre _cOBIOLS, Salvador |
| 260 |
_aMadrid _c2000 _bEspasa Calpe |
||
| 942 | _cMON | ||
| 999 |
_c408 _d408 |
||